Daňové priznanie k dani z príjmov právnickej osoby za rok 2019

Daňové priznanie k dani z príjmov je povinný podať každý, komu táto povinnosť vyplýva zo zákona č.595/2003 Z.z. o dani z príjmov v z.n.p.(ZDP) Podľa §49 ods.2 ZDP daňové priznanie sa podáva do troch kalendárnych mesiacov po uplynutí zdaňovacieho obdobia. Zdaňovacím obdobím podľa §2 písm.1) ZDP je k...

Descrizione completa

Salvato in:
Dettagli Bibliografici
Autore principale: Gášpárová, Eva
Natura: Capitolo di libro
Lingua:slovacco
Soggetti:
Tags: Aggiungi Tag
Nessun Tag, puoi essere il primo ad aggiungerne!!

MARC

LEADER 00000naa a2200000 4500
001 0262462
005 20200219124058.6
041 0 |a slo 
044 |a SK 
245 1 0 |a Daňové priznanie k dani z príjmov právnickej osoby za rok 2019  |c Eva Gášpárová 
520 |a Daňové priznanie k dani z príjmov je povinný podať každý, komu táto povinnosť vyplýva zo zákona č.595/2003 Z.z. o dani z príjmov v z.n.p.(ZDP) Podľa §49 ods.2 ZDP daňové priznanie sa podáva do troch kalendárnych mesiacov po uplynutí zdaňovacieho obdobia. Zdaňovacím obdobím podľa §2 písm.1) ZDP je kalendárny rok, ak ZDP neustanovuje iný spôsob určenia zdaňovacieho obdobia. Daňovník môže ustanovenú lehotu na podanie daňového priznania predľžiť. 
610 2 0 |a priznania daňové 
610 2 0 |a dane z príjmov 
610 2 0 |a osoby právnické 
610 2 0 |a Slovensko 
100 1 |a Gášpárová, Eva